• 首页
  • 本馆介绍
  • 公告通知
  • 最新文献
  • 馆藏检索
  • 电子资源
  • 读者导购
  • 参考咨询
  • 我的图书馆
  • 登录
  • 详细信息显示
  • 放入我的书架
  • 预约/预借图书
  • 作者相关作品
  • 分类相关作品
  • 丛书相关作品
  • 出版社相关作品

书目信息

  • 表格格式
  • 工作单格式
  • 卡片格式
题名:
中国近代经济思想史大纲
    
 
作者: 胡寄窗 著
分册:  
出版信息: 北京   中国社会科学出版社  1984.12
页数: 485页
开本: 21cm
丛书名:
单 册:
中图分类: F092.6
科图分类:
主题词: 经济思想史
电子资源:
ISBN:
000 00581nam0 2200205 45
001 0404250904
005 20040425094808.3
010    @dCNY2.80
091    @a4190.187
100    @a20040425d1984 km y0chiy0120 ea
101 0  @achi
105    @a z 000yy
200 1  @a中国近代经济思想史大纲@AZhong Guo Jin Dai Jing Ji Si Xiang Shi Da Gang@f胡寄窗著@FHu Ji Chuang Zhu
210    @a北京@c中国社会科学出版社@d1984.12
215    @a485页@d21cm
606 0  @a经济思想史
690    @aF092.6@v3
701  0 @a胡寄窗@4著
801    @aCN@bTSTCL@c20040425
905    @f2@b155806-807@dF092.6@e14
    
    中国近代经济思想史大纲/胡寄窗著.-北京:中国社会科学出版社,1984.12
    485页;21cm
    
    
    ISBN :CNY2.80
    
●
相关链接 在E读中查询图书 在五车中查询图书 在当当中查询图书 在豆瓣中查询图书


正题名:中国近代经济思想史大纲     索取号:F092.6/14         预约/预借

序号 登录号 条形码 馆藏地/架位号 状态 备注
1 0155806   000195602   密集书库/ [索取号:F092.6/14] 在馆    
2 0155807   000195648   第一借阅区/ [索取号:F092.6/14] 在馆    
3 0155808   002056269   第一样本阅览室/ [索取号:F092.6/14] 在馆    
唐山师范学院图书馆 欢迎您!
大连网信软件有限公司© 版权所有